000 00617nam a2200217Ia 4500
005 20250508165011.0
008 008 250505s9999 xx 000 0 eng d
020 _a978-0-7456-3344-2
037 _aReference
040 _aFEDL
_beng
_cFEDL
041 _aeng
_2eng
084 _a370.19, GEW/RR
_qFEDL
100 _aGewirtz Sharon
245 0 _aUnderstanding education : A sociological perspective
260 _aCambridge
_bPolity Press
_c2009
300 _axii,232p.
365 _aUSD
_b69.95
700 _a Cribb Alan
_9779672
942 _cREF
_h370.19, GEW/RR
999 _c1392569
_d1392569